| 000 | 00605cam a2200205 4500500 | ||
|---|---|---|---|
| 005 | 20260405002750.0 | ||
| 041 | _afre | ||
| 042 | _adc | ||
| 100 | 1 | 0 |
_aRégnier, Quentin _eauthor |
| 245 | 0 | 0 | _aPourquoi va-t-on voir des films d’horreur ? |
| 260 | _c2018. | ||
| 500 | _a76 | ||
| 690 | _aCinéma | ||
| 690 | _aEdmund Burke | ||
| 690 | _aHannah Arendt | ||
| 690 | _aHorreur | ||
| 690 | _aSade | ||
| 786 | 0 | _nPhilosophie magazine | 122 | 9 | 2018-09-01 | p. 37-37 | 1951-1787 | |
| 856 | 4 | 1 | _uhttps://shs.cairn.info/magazine-philosophie-magazine-2018-9-page-37?lang=fr&redirect-ssocas=7080 |
| 999 |
_c2060907 _d2060907 |
||